Характеристика действия биокатализаторов; Биотехнология III

Bibliographische Detailangaben
Körperschaft: Таллинский политехнический институт (ТПИ)
Weitere Verfasser: Кёстнер А. И. (редактор)
Sprache:Russisch
Veröffentlicht: Таллин, Изд-во ТПИ, 1988
Schriftenreihe:Труды Таллинского политехнического института вып. 663
Schlagworte:
Format: MixedMaterials Buch
KOHA link:https://koha.lib.tpu.ru/cgi-bin/koha/opac-detail.pl?biblionumber=90419

MARC

LEADER 00000nam0a2200000 4500
001 90419
005 20231101213719.0
035 |a (RuTPU)RU\TPU\book\96959 
090 |a 90419 
100 |a 20060209d1988 k y0rusy50 ca 
101 0 |a rus 
102 |a EE 
105 |a a z 001zy 
200 1 |a Характеристика действия биокатализаторов  |a Биотехнология III  |f Таллинский политехнический институт (ТПИ) ; под ред. А. И. Кёстнера 
210 |a Таллин  |c Изд-во ТПИ  |d 1988 
215 |a 95 с.  |c ил. 
225 1 |a Труды Таллинского политехнического института  |v вып. 663 
320 |a Библиогр. в конце статей 
606 1 |a Биотехнология  |2 stltpush  |3 (RuTPU)RU\TPU\subj\28764  |9 52257 
610 1 |a биокатализаторы 
610 1 |a биотехнология 
610 1 |a действие 
610 1 |a получение 
675 |a 60  |v 3 
675 |a 557.1  |v 3 
702 1 |a Кёстнер  |b А. И.  |4 340 
712 0 2 |a Таллинский политехнический институт (ТПИ)  |c (1941-1989)  |2 stltpush  |3 (RuTPU)RU\TPU\col\12417 
801 1 |a RU  |b 63413507  |c 20060209  |g PSBO 
801 2 |a RU  |b 63413507  |c 20220729  |g PSBO 
942 |c BK